000 004690000a22001570004500
003 MACL
005 20180322172000.0
008 180322b xxu||||| |||| 00| 0 eng d
040 _cMACL
100 _aताराशंकर वाधोपाध्‍याय
_971029
245 _aना
260 _bसान्‍मार्ग प्रकाशन
_c1995
350 _a50
650 _aउपन्‍यास
_971526
942 _cHIN
_k891.433/VAN/N
_2ddc
999 _c19676
_d19676